000 00420nam a2200145Ia 4500
008 220214s9999 xx 000 0 und d
022 _a0021-8596
245 0 _aJOURNAL OF AGRICULTURAL SCIENCE
260 _bCambridge University Press
_aEngland
310 _a2vy
500 _aEnding Volume & Year: 129, 1997
500 _aMissing Volume: 78;100(1,2);112-113
500 _aStarting Volume & Year: 50, 1958
942 _cBJ
999 _c6684
_d6684